000 00480nam a2200193Ia 4500
005 20240823033316.0
008 240823s9999||||xx |||||||||||||| ||und||
020 _a978-81-908498-4-5
041 _aENGLISH
082 _A658.477 Q2
100 _aEdmund Christopher S Ed.
245 0 _aDisaster Management(ICCDM 2012)
250 _a1st
260 _c2012
_bshils Publi
500 _aTRANSFERED
650 _aManagement
_bManagement Studies
942 _cBK
999 _c195505
_d195505